000
00301nam a22001337a 4500
008
171202b xxu||||| |||| 00| 0 eng d
020
_a
231054001
041
_a
eng
080
_a
94
100
_a
16
101
_a
SHP
245
_a
HISTORY OF THE GREAT AMERICAN FORTUNES
_c
MYERS, G
942
_2
udc
_c
BK
999
_c
38723
_d
38723